Compendio de normas sobre derecho marítimo.
Guardado en:
| Formato: | Desconocido |
|---|---|
| Idioma: | Spanish |
| Publicado: |
Buenos Aires :
La Ley,
2006.
|
| Edición: | 3a. ed. |
| Materias: | |
| Etiquetas: |
Agregar Etiqueta
Sin Etiquetas, Sea el primero en etiquetar este registro!
|
| LEADER | 00419nac a22001455a 4500 | ||
|---|---|---|---|
| 001 | DER.der013833 | ||
| 008 | 190503i2006####ag#||||||||||||||#||spa|| | ||
| 005 | 20240930092539.0 | ||
| 245 | 1 | 0 | |a Compendio de normas sobre derecho marítimo. |
| 250 | |a 3a. ed. | ||
| 260 | |a Buenos Aires : |b La Ley, |c 2006. | ||
| 300 | |a 440 p. | ||
| 020 | |a 9870308163 | ||
| 650 | 7 | |a DERECHO DE LA NAVEGACION | |
| 859 | |a DERECHO |b BIB. DERECHO |h 343.096 6 |i COM |p 006673 | ||
